[Event "Abe Yanofsky mem. U1800"]
[Site "Winnipeg CAN"]
[Date "2025.08.30"]
[Round "4.20"]
[White "Hui, Zenas"]
[Black "Goodman, Clifford"]
[Result "1-0"]
[WhiteElo "1402"]
[BlackElo "1697"]
[WhiteFideId "-1"]
[WhiteFideId "-1"]
[PlyCount "61"]
[GameId "2226107713839271"]
[EventDate "2025.08.30"]
[EventType "swiss"]
[EventRounds "5"]
[EventCountry "CAN"]

1. c4 c5 2. g3 Nc6 3. Bg2 Nf6 4. Nc3 g6 5. e3 Bg7 6. Nge2 O-O 7. O-O e6 8. d4 d6 9. b3 a6 10. Bb2 cxd4 11. Nxd4 Bd7 12. Nde2 Qe7 13. Ba3 Ne8 14. Rc1 Rd8 15. Qc2 Bc8 16. Rfd1 Qc7 17. Rd2 Qa5 18. Na4 Nb4 19. Bxb4 Qxb4 20. Nd4 Bd7 21. Qc3 Qxc3 22. Nxc3 Bc8 23. Na4 Nc7 24. Nb6 d5 25. cxd5 Nxd5 26. Nxd5 exd5 27. Ne2 Be6 28. Nf4 Rc8 29. Rxc8 Rxc8 30. Bxd5 Rd8 31. Nxe6 1-0

[Event "Abe Yanofsky mem. U1800"]
[Site "Winnipeg CAN"]
[Date "2025.08.31"]
[Round "4.21"]
[White "Punay, Darius"]
[Black "Magnussen, Donald"]
[Result "0-1"]
[WhiteElo "1292"]
[BlackElo "1538"]
[WhiteFideId "-1"]
[WhiteFideId "-1"]
[PlyCount "84"]
[GameId "2226107713839272"]
[EventDate "2025.08.30"]
[EventType "swiss"]
[EventRounds "5"]
[EventCountry "CAN"]

1. Nf3 d5 2. g3 Nf6 3. d4 Bf5 4. Bg2 e6 5. O-O c5 6. c3 Nc6 7. Bg5 Be7 8. Nbd2 cxd4 9. cxd4 Rc8 10. Qb3 Ne4 11. Bf4 Nxd2 12. Nxd2 Nxd4 13. Qa4+ Nc6 14. Rac1 O-O 15. Rfd1 e5 16. Be3 d4 17. Nb3 Qe8 18. Bd2 Bd6 19. Nc5 Qe7 20. b4 Nxb4 21. Bxb4 Bxc5 22. Bxc5 Rxc5 23. Qxa7 Rxc1 24. Rxc1 Qg5 25. Qc5 Qd2 26. Bf1 Bd7 27. Rb1 Qxa2 28. Rxb7 Qe6 29. Qc7 Bc6 30. Rb6 Rc8 31. Rb8 Rxb8 32. Qxb8+ Qe8 33. Qc7 f6 34. h4 Qd7 35. Qb8+ Kf7 36. Kh2 Qd5 37. f3 d3 38. exd3 Qxf3 39. Qc7+ Kg6 40. h5+ Qxh5+ 41. Bh3 Qe2+ 42. Kg1 Qe1+ 0-1

[Event "Abe Yanofsky mem. U1800"]
[Site "Winnipeg CAN"]
[Date "2025.08.31"]
[Round "4.22"]
[White "Pacin, Ondrej"]
[Black "Jo, Asher"]
[Result "1/2-1/2"]
[WhiteElo "1387"]
[BlackElo "1473"]
[WhiteFideId "-1"]
[WhiteFideId "-1"]
[PlyCount "78"]
[GameId "2226107713843369"]
[EventDate "2025.08.30"]
[EventType "swiss"]
[EventRounds "5"]
[EventCountry "CAN"]

1. e4 c5 2. Nf3 Nc6 3. c3 e6 4. d4 cxd4 5. cxd4 Bb4+ 6. Nc3 Nf6 7. Bd3 O-O 8. O-O d6 9. h3 h6 10. Be3 d5 11. e5 Nh7 12. Nh2 f6 13. Qg4 Kh8 14. Qg6 f5 15. f4 Rg8 16. Qh5 Bd7 17. Qe2 Ba5 18. a3 Bb6 19. Nb5 Bc7 20. Nf3 a6 21. Nc3 Qe7 22. Qf2 Qf7 23. Kh1 Ne7 24. Rg1 Ng6 25. Ne2 Bd8 26. g3 Be7 27. Rg2 Rac8 28. Nc3 Rgd8 29. Rgg1 Rc7 30. Ne2 Rdc8 31. g4 fxg4 32. Rxg4 Ngf8 33. h4 Be8 34. Ng3 b5 35. h5 Rd8 36. Bg6 Qg8 37. Bd3 Qf7 38. Bg6 Qg8 39. Bd3 Qf7 1/2-1/2

[Event "Abe Yanofsky mem. U1800"]
[Site "Winnipeg CAN"]
[Date "2025.08.31"]
[Round "4.24"]
[White "Iyer, Pia"]
[Black "Nikkel, Daniel"]
[Result "0-1"]
[WhiteElo "1209"]
[BlackElo "1357"]
[WhiteFideId "-1"]
[WhiteFideId "-1"]
[PlyCount "92"]
[GameId "2226107713843371"]
[EventDate "2025.08.30"]
[EventType "swiss"]
[EventRounds "5"]
[EventCountry "CAN"]

1. d4 Nf6 2. Nf3 d5 3. Bf4 e6 4. e3 Bd6 5. a3 O-O 6. Bg3 Re8 7. c4 c6 8. Nbd2 Bxg3 9. hxg3 Nbd7 10. Bd3 Nf8 11. Ne5 N8d7 12. Qc2 g6 13. c5 Nxe5 14. dxe5 Ng4 15. O-O-O Nxf2 16. Rdf1 Nxh1 17. Rxh1 Qg5 18. Re1 Qxg3 19. Rg1 Qxe5 20. Nf3 Qg7 21. Qf2 e5 22. Ng5 e4 23. Be2 h6 24. Nh3 Re5 25. Nf4 Rf5 26. Qg3 Rg5 27. Qh3 Bxh3 28. Nxh3 Re5 29. Rf1 Rf5 30. Rh1 g5 31. g4 Re5 32. Rf1 a5 33. Rf5 Rxf5 34. gxf5 f6 35. Nf2 Qf8 36. Kb1 Qxc5 37. Ng4 Kg7 38. Bd1 h5 39. Nf2 Qxe3 40. Bxh5 Qxf2 41. Bd1 Ra6 42. Bb3 Rb6 43. Ka2 Rxb3 44. Kxb3 e3 45. Ka4 Qe2 46. Kxa5 Qb5# 0-1

[Event "Abe Yanofsky mem. U1800"]
[Site "Winnipeg CAN"]
[Date "2025.09.01"]
[Round "5.12"]
[White "Guzman, Sophia"]
[Black "Melnyk, James"]
[Result "1/2-1/2"]
[WhiteElo "1629"]
[BlackElo "1730"]
[WhiteFideId "-1"]
[WhiteFideId "-1"]
[PlyCount "60"]
[GameId "2226107713847468"]
[EventDate "2025.08.30"]
[EventType "swiss"]
[EventRounds "5"]
[EventCountry "CAN"]

1. e4 Nc6 2. d4 e5 3. d5 Nce7 4. Nf3 Ng6 5. Nc3 Nf6 6. h4 h5 7. Bg5 Be7 8. Qd2 d6 9. Bb5+ Bd7 10. Bxd7+ Qxd7 11. Bxf6 gxf6 12. O-O-O a6 13. g3 Bf8 14. Kb1 Bh6 15. Qd3 O-O-O 16. Nd2 Ne7 17. Nb3 f5 18. f3 Rdg8 19. Rhg1 Rg7 20. Qe2 Rhg8 21. Qf2 Kb8 22. Ne2 fxe4 23. fxe4 Qg4 24. Nc3 f5 25. exf5 Qxf5 26. Qe1 Qh3 27. Ne4 Rg6 28. Qe2 Qg4 29. Qxg4 hxg4 30. Rgf1 R6g7 1/2-1/2

[Event "Abe Yanofsky mem. U1800"]
[Site "Winnipeg CAN"]
[Date "2025.09.01"]
[Round "5.13"]
[White "Letain, Cory"]
[Black "Breadner, David"]
[Result "0-1"]
[WhiteElo "1740"]
[BlackElo "1652"]
[WhiteFideId "-1"]
[WhiteFideId "-1"]
[PlyCount "82"]
[GameId "2226107713847469"]
[EventDate "2025.08.30"]
[EventType "swiss"]
[EventRounds "5"]
[EventCountry "CAN"]

1. e4 e5 2. Nf3 Nc6 3. Bb5 a6 4. Bxc6 dxc6 5. Nc3 Bc5 6. d3 Nf6 7. h3 O-O 8. Be3 Bxe3 9. fxe3 Be6 10. Qd2 Nd7 11. O-O-O b5 12. Kb1 a5 13. d4 b4 14. Na4 Nb6 15. Nxb6 cxb6 16. d5 cxd5 17. exd5 Bf5 18. Nxe5 Rc8 19. Nc6 Qc7 20. g4 Be4 21. Rhg1 Bxd5 22. Qxd5 Qxc6 23. Qxc6 Rxc6 24. Rd7 Re6 25. Rg3 Rfe8 26. Kc1 Kf8 27. Rf3 R6e7 28. Rxe7 Kxe7 29. b3 Rd8 30. e4 Rd4 31. Re3 Ke6 32. Kb2 Ke5 33. c3 bxc3+ 34. Kxc3 h5 35. a3 Rxe4 36. Rxe4+ Kxe4 37. Kc4 hxg4 38. hxg4 g6 39. Kb5 f5 40. gxf5 gxf5 41. Kxb6 f4 0-1

[Event "Abe Yanofsky mem. U1800"]
[Site "Winnipeg CAN"]
[Date "2025.09.01"]
[Round "5.14"]
[White "Jin, Winston"]
[Black "Minano, John"]
[Result "1-0"]
[WhiteElo "1596"]
[BlackElo "1749"]
[WhiteFideId "-1"]
[WhiteFideId "-1"]
[PlyCount "106"]
[GameId "2226107713847470"]
[EventDate "2025.08.30"]
[EventType "swiss"]
[EventRounds "5"]
[EventCountry "CAN"]

1. e4 Nf6 2. e5 Nd5 3. d4 d6 4. Nf3 Bg4 5. Nbd2 dxe5 6. dxe5 e6 7. h3 Bh5 8. g4 Bg6 9. Nb3 Nd7 10. Bg2 Be7 11. Bd2 c6 12. c4 Nb4 13. Bxb4 Bxb4+ 14. Nbd2 Qc7 15. Qe2 Bxd2+ 16. Kxd2 O-O-O 17. Ke1 Nc5 18. Nh4 Nd3+ 19. Kf1 Nf4 20. Qe3 Bd3+ 21. Kg1 Nxg2 22. Kxg2 Kb8 23. b3 Rd7 24. Nf3 h6 25. Rhd1 Rhd8 26. Rd2 Bg6 27. Rad1 Rxd2 28. Rxd2 Rxd2 29. Qxd2 Kc8 30. c5 Be4 31. Qd6 Qxd6 32. exd6 Kd7 33. Kg3 Bd5 34. Kf4 b6 35. b4 f6 36. a3 e5+ 37. Ke3 g5 38. Ng1 b5 39. f3 Bc4 40. Ne2 Bf7 41. Ng3 Bg6 42. Nf1 Ke6 43. Ng3 a6 44. Nf1 f5 45. Kf2 f4 46. Kg2 Be8 47. h4 Kd5 48. hxg5 hxg5 49. Nd2 Kd4 50. Ne4 Bd7 51. Nf6 Bc8 52. d7 Bxd7 53. Nxd7 Kc4 1-0

[Event "Abe Yanofsky mem. U1800"]
[Site "Winnipeg CAN"]
[Date "2025.09.01"]
[Round "5.16"]
[White "Gannon, Keith"]
[Black "Wang, Elvis"]
[Result "0-1"]
[WhiteElo "1588"]
[BlackElo "1504"]
[WhiteFideId "-1"]
[WhiteFideId "-1"]
[PlyCount "134"]
[GameId "2226107713851568"]
[EventDate "2025.08.30"]
[EventType "swiss"]
[EventRounds "5"]
[EventCountry "CAN"]

1. Nf3 Nf6 2. Nc3 d5 3. d4 Bf5 4. e3 e6 5. Be2 c6 6. O-O Bd6 7. h3 Qc7 8. a3 Nbd7 9. b4 O-O 10. Bb2 Rfe8 11. Rc1 e5 12. dxe5 Nxe5 13. Na4 Rad8 14. Nxe5 Bxe5 15. Bxe5 Qxe5 16. Qd4 Qxd4 17. exd4 Rxe2 18. c4 Rc2 19. Rxc2 Bxc2 20. Nb2 dxc4 21. Nxc4 Bd3 22. Rc1 Bxc4 23. Rxc4 h6 24. a4 Nd5 25. b5 cxb5 26. axb5 Nb6 27. Rc7 Rd7 28. Rc1 Rxd4 29. f3 Kf8 30. Ra1 Ra4 31. Rd1 Rb4 32. Rd8+ Ke7 33. Rb8 Kf6 34. Rxb7 Rxb5 35. Rxa7 Nd5 36. Ra6+ Rb6 37. Ra5 Nf4 38. Ra2 Rb1+ 39. Kh2 g5 40. Rd2 Kg6 41. Ra2 h5 42. Rd2 Rb6 43. Ra2 f5 44. Rc2 g4 45. fxg4 fxg4 46. hxg4 hxg4 47. Kg3 Nd5 48. Rc5 Nf6 49. Ra5 Rb3+ 50. Kf2 Ne4+ 51. Kf1 g3 52. Ra4 Kf5 53. Ra5+ Kf4 54. Ra4 Ke3 55. Ra1 Nd2+ 56. Kg1 Rb1+ 57. Rxb1 Nxb1 58. Kf1 Nd2+ 59. Kg1 Ne4 60. Kf1 Ng5 61. Kg1 Ke4 62. Kf1 Kf4 63. Kg1 Ke3 64. Kf1 Nf3 65. gxf3 Kxf3 66. Kg1 g2 67. Kh2 Kf2 0-1

[Event "Abe Yanofsky mem. U1800"]
[Site "Winnipeg CAN"]
[Date "2025.09.01"]
[Round "5.17"]
[White "Magnussen, Donald"]
[Black "Towns, Barry"]
[Result "1-0"]
[WhiteElo "1292"]
[BlackElo "1588"]
[WhiteFideId "-1"]
[WhiteFideId "-1"]
[PlyCount "71"]
[GameId "2226107713851569"]
[EventDate "2025.08.30"]
[EventType "swiss"]
[EventRounds "5"]
[EventCountry "CAN"]

1. c4 Nf6 2. g3 e5 3. Bg2 d5 4. cxd5 Bc5 5. Nc3 O-O 6. e3 Bd7 7. Nge2 c6 8. Qb3 Qb6 9. Na4 Qxb3 10. axb3 Bb4 11. Nb6 Na6 12. Nxa8 Nc5 13. Rxa7 Nd3+ 14. Kf1 Ng4 15. Nb6 Bf5 16. e4 Bg6 17. f3 Ngf2 18. Nd7 Rd8 19. Nxe5 Nxc1 20. Kxf2 Bc5+ 21. d4 Bxa7 22. Rxc1 cxd5 23. Nxg6 hxg6 24. exd5 Rxd5 25. Rc8+ Kh7 26. Rc7 Rb5 27. f4 Rxb3 28. Rxb7 Bb6 29. Rxf7 Rxb2 30. Ke3 Kg8 31. Rd7 Rb1 32. Be4 Rb3+ 33. Kd2 Rb2+ 34. Kd3 Rb3+ 35. Nc3 Ba5 36. Bd5+ 1-0

[Event "Abe Yanofsky mem. U1800"]
[Site "Winnipeg CAN"]
[Date "2025.09.01"]
[Round "5.18"]
[White "Lee, Zach"]
[Black "Hui, Zenas"]
[Result "0-1"]
[WhiteElo "1408"]
[BlackElo "1402"]
[WhiteFideId "-1"]
[WhiteFideId "-1"]
[PlyCount "100"]
[GameId "2226107713855666"]
[EventDate "2025.08.30"]
[EventType "swiss"]
[EventRounds "5"]
[EventCountry "CAN"]

1. c4 c5 2. g3 Nc6 3. Bg2 g6 4. Nf3 Bg7 5. Nc3 Nf6 6. d3 O-O 7. O-O d6 8. b3 d5 9. cxd5 Nxd5 10. Nxd5 Bxa1 11. Bh6 Bg7 12. Bxg7 Kxg7 13. Qa1+ f6 14. Ng5 e5 15. Ne4 Qxd5 16. Nxf6 Qd4 17. Qxd4 exd4 18. Nd5 Rb8 19. f4 Rf7 20. e3 dxe3 21. Nxe3 Nb4 22. a3 Nc6 23. Rc1 Nd4 24. Rxc5 Nxb3 25. Rc3 Nd4 26. Kf2 b6 27. Bd5 Rf8 28. Rc7+ Kh8 29. Nc4 Be6 30. Bxe6 Nxe6 31. Rxa7 Ra8 32. Rb7 Rfb8 33. Re7 Nc5 34. Ne5 Rxa3 35. Nf7+ Kg8 36. Nh6+ Kf8 37. Rf7+ Ke8 38. Rxh7 Rb7 39. Rh8+ Ke7 40. Rh7+ Ke6 41. f5+ gxf5 42. Rh8 Rxd3 43. Ng8 Rb8 44. Rh6+ Kf7 45. Nf6 Rd6 46. Rh7+ Kxf6 47. Rh6+ Ke5 48. Rh5 Rg6 49. h3 Ne4+ 50. Kf3 Rxg3+ 0-1

[Event "Abe Yanofsky mem. U1800"]
[Site "Winnipeg CAN"]
[Date "2025.09.01"]
[Round "5.19"]
[White "Jo, Asher"]
[Black "Trueman, Francis"]
[Result "1-0"]
[WhiteElo "1472"]
[BlackElo "1481"]
[WhiteFideId "-1"]
[WhiteFideId "-1"]
[PlyCount "67"]
[GameId "2226107713855667"]
[EventDate "2025.08.30"]
[EventType "swiss"]
[EventRounds "5"]
[EventCountry "CAN"]

1. d4 d6 2. c4 Nd7 3. Nc3 e5 4. e3 Ngf6 5. Bd3 Be7 6. Nge2 O-O 7. O-O Re8 8. Ng3 Nf8 9. dxe5 dxe5 10. Qe2 c6 11. Rd1 Qc7 12. e4 h5 13. Nxh5 N6h7 14. Ng3 Nf6 15. Be3 Ng4 16. h3 Nxe3 17. Qxe3 Ne6 18. Nf5 Bc5 19. Qg3 f6 20. Be2 Nf4 21. Bf3 Bxf5 22. exf5 Bd6 23. Ne4 Be7 24. Rd2 Bb4 25. Nxf6+ Kf8 26. Nxe8 Kxe8 27. Rdd1 Bd6 28. Re1 Bb4 29. Re4 Rd8 30. Qxf4 Kf8 31. Qh4 Be7 32. Qh8+ Kf7 33. Bh5+ Kf6 34. Qh7 1-0

[Event "Abe Yanofsky mem. U1800"]
[Site "Winnipeg CAN"]
[Date "2025.09.01"]
[Round "5.20"]
[White "Stewart, Michael"]
[Black "Pacin, Ondrej"]
[Result "0-1"]
[WhiteElo "1396"]
[BlackElo "1387"]
[WhiteFideId "-1"]
[WhiteFideId "-1"]
[PlyCount "154"]
[GameId "2226107713855668"]
[EventDate "2025.08.30"]
[EventType "swiss"]
[EventRounds "5"]
[EventCountry "CAN"]

1. d4 d5 2. c4 c6 3. Nf3 Nf6 4. Nc3 e6 5. Bf4 Nbd7 6. cxd5 exd5 7. Qc2 Bb4 8. Nd2 Nb6 9. e4 dxe4 10. a3 Bxc3 11. bxc3 O-O 12. Be2 Nbd5 13. Be3 Nxe3 14. fxe3 Nd5 15. Nf1 Qg5 16. Qxe4 Nxc3 17. Qf3 Nxe2 18. Qxe2 Re8 19. Qf2 b6 20. Rc1 c5 21. dxc5 bxc5 22. Rc3 Qe5 23. Qc2 Bb7 24. Rxc5 Qa1+ 25. Kf2 Qxa3 26. Rc3 Rac8 27. Rxa3 Rxc2+ 28. Ke1 a6 29. Rd3 Bxg2 30. Rg1 Bxf1 31. Rxf1 Rxh2 32. Ra3 g6 33. Rf6 a5 34. Ra6 Rh5 35. Ke2 Rh2+ 36. Kd3 Rd8+ 37. Kc4 Rh5 38. R6xa5 Rxa5 39. Rxa5 Kg7 40. Ra7 h5 41. e4 Kf6 42. Ra5 Re8 43. Kd4 h4 44. Ra3 Rd8+ 45. Ke3 g5 46. Ra6+ Kg7 47. e5 Re8 48. Ke4 h3 49. Ra1 Kg6 50. Ra6+ Kg7 51. Kf5 h2 52. Ra1 Rh8 53. Rh1 Rh5 54. Kg4 Kg6 55. Kg3 Kf5 56. e6 fxe6 57. Rf1+ Kg6 58. Rh1 Rh4 59. Kf3 Kf5 60. Kg3 e5 61. Kf3 e4+ 62. Ke3 g4 63. Rf1+ Ke5 64. Rh1 g3 65. Ra1 h1=Q 66. Ra5+ Kd6 67. Ra6+ Kc7 68. Ra7+ Kb6 69. Re7 Qf3+ 70. Kd4 Qd3+ 71. Ke5 Rh5+ 72. Kf6 Qd6+ 73. Kf7 Rh6 74. Rxe4 Qd7+ 75. Kg8 Rg6+ 76. Kf8 Rg7 77. Rb4+ Kc5 0-1

[Event "Abe Yanofsky mem. U1800"]
[Site "Winnipeg CAN"]
[Date "2025.09.01"]
[Round "5.22"]
[White "Nikkel, Daniel"]
[Black "Punay, Darius"]
[Result "1-0"]
[Annotator "aboro"]
[WhiteElo "1357"]
[BlackElo "1538"]
[WhiteFideId "-1"]
[WhiteFideId "-1"]
[PlyCount "119"]
[GameId "2226107713859766"]
[EventDate "2025.08.30"]
[EventType "swiss"]
[EventRounds "5"]
[EventCountry "CAN"]

1. Nf3 Nc6 2. d4 d5 3. g3 e6 4. Bg2 Bd6 5. O-O Nge7 6. Re1 O-O 7. b3 b6 8. Bb2 Bb7 9. Nbd2 Nf5 10. e4 dxe4 11. Nxe4 Be7 12. Qd3 Nb4 13. Qe2 a5 14. a3 Nc6 15. Red1 Nd6 16. Ne5 f6 17. Nxd6 Qxd6 18. Nxc6 Bxc6 19. Bxc6 Qxc6 20. a4 Rad8 21. Rd3 Rd5 22. Rc3 Qd7 23. Rd1 Rd8 24. Rcd3 Re8 25. c4 Rg5 26. Qc2 Bd6 27. c5 bxc5 28. dxc5 Rxc5 29. Qxc5 Bxc5 30. Rxd7 Bd6 31. Ba3 Bxa3 32. Rd8 Rxd8 33. Rxd8+ Kf7 34. Rd7+ Kg6 35. Rxc7 e5 36. Ra7 Bb4 37. Rb7 Bc3 38. Rc7 Bb4 39. Rc4 Bd2 40. Kf1 f5 41. Ke2 Bg5 42. Rc5 Bd8 43. Rxe5 Kf6 44. Rb5 g5 45. Kd3 Ke6 46. Kc4 h5 47. b4 axb4 48. Rxb4 Ba5 49. Rb5 Be1 50. f3 g4 51. f4 h4 52. Kd4 Bf2+ 53. Kd3 hxg3 54. hxg3 Bxg3 55. Ke3 Bh2 56. a5 g3 57. Kf3 g2 58. Kxg2 Bxf4 59. Kf3 Be5 60. Rxe5+ 1-0

[Event "Bluenose op"]
[Site "Halifax CAN"]
[Date "2025.02.21"]
[Round "1"]
[White "MacRitchie, Josh"]
[Black "Heran-Boily, Sam"]
[Result "0-1"]
[WhiteElo "1832"]
[BlackElo "2040"]
[WhiteFideId "-1"]
[WhiteFideId "-1"]
[PlyCount "112"]
[GameId "2150702741416648"]
[EventDate "2025.02.21"]
[EventType "swiss"]
[EventRounds "5"]
[EventCountry "CAN"]
[WhiteTeam "CAN"]
[WhiteClock "0:30:49"]
[BlackClock "0:01:54"]

1. d4 d5 2. Nf3 Nf6 3. Bf4 c5 4. e3 Nc6 5. c3 Qb6 6. Qb3 Qxb3 7. axb3 Bg4 8. Nbd2 Nd7 9. Bb5 f6 10. Bxc6 bxc6 11. O-O cxd4 12. exd4 Nb6 13. Bc7 Nc8 14. Rfe1 Kd7 15. Bg3 e6 16. h3 Bxf3 17. Nxf3 Bd6 18. Bxd6 Kxd6 19. Ra6 Re8 20. c4 Kd7 21. Rea1 Rb8 22. cxd5 exd5 23. Rc1 Rb6 24. Rxb6 axb6 25. Kf1 Nd6 26. Re1 Ra8 27. g4 Ne4 28. Re2 Ra1+ 29. Kg2 Rb1 30. h4 Nd6 31. g5 Nf5 32. Rd2 Kd6 33. Kh3 c5 34. dxc5+ bxc5 35. Kg4 Ne7 36. h5 f5+ 37. Kf4 Rh1 38. Ne5 Rh4+ 39. Kg3 Rxh5 40. f4 Rh1 41. Nf7+ Kd7 42. Rc2 Rg1+ 43. Kf2 Rb1 44. Ne5+ Kd6 45. Nd3 Ng6 46. Kg3 Rf1 47. Rh2 Rd1 48. Nf2 Rb1 49. Nd3 Nf8 50. Rc2 Ne6 51. Rh2 Rd1 52. Nf2 Rb1 53. Nd3 Rd1 54. Nf2 Rg1+ 55. Kf3 Nd4+ 56. Ke3 Rg3+ 0-1

[Event "Bluenose op"]
[Site "Halifax CAN"]
[Date "2025.02.21"]
[Round "1"]
[White "Marchand, Calix"]
[Black "McKay, Brian"]
[Result "1-0"]
[WhiteElo "2237"]
[BlackElo "1833"]
[WhiteFideId "-1"]
[WhiteFideId "-1"]
[PlyCount "65"]
[GameId "2150702741400263"]
[EventDate "2025.02.21"]
[EventType "swiss"]
[EventRounds "5"]
[EventCountry "CAN"]
[WhiteTeam "CAN"]
[BlackTeam "CAN"]
[WhiteClock "0:31:26"]
[BlackClock "1:13:39"]

1. e4 d6 2. d4 g6 3. Nc3 Bg7 4. Nf3 Nd7 5. Be2 c5 6. d5 Ngf6 7. h3 a6 8. a4 O-O 9. O-O b6 10. Bf4 Bb7 11. Re1 Ne8 12. Qd2 Qc7 13. Rad1 Ne5 14. Bh6 Nxf3+ 15. Bxf3 Bc8 16. e5 Rb8 17. Bxg7 Kxg7 18. Qg5 f6 19. exf6+ Nxf6 20. Re2 Rf7 21. Rde1 b5 22. a5 Rb7 23. Ne4 Qxa5 24. Nxf6 exf6 25. Qf4 Bf5 26. Qxd6 Bxc2 27. Qxc5 Bd3 28. b4 Rbc7 29. Qd4 Qa3 30. Re3 Rc1 31. d6 Rxe1+ 32. Rxe1 Bf5 33. Bd5 1-0

[Event "Bluenose op"]
[Site "Halifax CAN"]
[Date "2025.02.21"]
[Round "1"]
[White "Novovsambuu, Emma"]
[Black "Sarja, Sriram"]
[Result "0-1"]
[WhiteElo "1847"]
[BlackElo "2352"]
[WhiteFideId "-1"]
[WhiteFideId "-1"]
[PlyCount "64"]
[GameId "2150702741174982"]
[EventDate "2025.02.21"]
[EventType "swiss"]
[EventRounds "5"]
[EventCountry "CAN"]
[BlackTeam "IND"]
[WhiteClock "1:22:58"]
[BlackClock "0:54:31"]

1. d4 Nf6 2. c4 e6 3. g3 d5 4. Bg2 dxc4 5. Nf3 Bb4+ 6. Bd2 a5 7. O-O O-O 8. Qc2 b5 9. a4 c6 10. axb5 Bxd2 11. Nbxd2 cxb5 12. e4 Bb7 13. h4 h6 14. Rfd1 Nc6 15. e5 Nb4 16. Qb1 Nd7 17. Ng5 hxg5 18. Bxb7 Ra7 19. Be4 gxh4 20. Kg2 f5 21. exf6 Qxf6 22. Rf1 h3+ 23. Kh2 Qxd4 24. Nf3 Qc5 25. Bh7+ Kh8 26. Nh4 Rxf2+ 27. Rxf2 Qxf2+ 28. Kxh3 Nf8 29. Ng6+ Kxh7 30. Nxf8+ Kg8 31. Nxe6 Nd3 32. Kg4 Qe2+ 0-1

[Event "Bluenose op"]
[Site "Halifax CAN"]
[Date "2025.02.22"]
[Round "2"]
[White "Fillmore, Louis"]
[Black "Memet, Ryan"]
[Result "1-0"]
[WhiteElo "1716"]
[BlackElo "1862"]
[WhiteFideId "-1"]
[WhiteFideId "-1"]
[PlyCount "59"]
[GameId "2150702741433036"]
[EventDate "2025.02.21"]
[EventType "swiss"]
[EventRounds "5"]
[EventCountry "CAN"]
[WhiteTeam "CAN"]
[BlackTeam "CAN"]
[WhiteClock "0:22:06"]
[BlackClock "0:31:35"]

1. e4 d6 2. d4 Nf6 3. Nc3 g6 4. h3 Bg7 5. g4 O-O 6. Be3 e5 7. Nge2 c6 8. Bg2 Na6 9. Qd2 Re8 10. O-O-O Qa5 11. Kb1 Nd7 12. Ng3 Nb6 13. Bf1 Nc7 14. Bh6 Bh8 15. d5 cxd5 16. exd5 Bd7 17. Nge4 Nc8 18. Bg5 f5 19. gxf5 Bxf5 20. Ng3 Bd7 21. h4 Bg4 22. Be2 Bxe2 23. Qxe2 Bg7 24. h5 h6 25. Bxh6 Bxh6 26. hxg6 Bg7 27. Nf5 Ne7 28. Nxg7 Kxg7 29. Rh7+ Kg8 30. Qh5 1-0

[Event "Bluenose op"]
[Site "Halifax CAN"]
[Date "2025.02.22"]
[Round "2"]
[White "Heran-Boily, Sam"]
[Black "Yancey, Alice"]
[Result "1-0"]
[WhiteElo "2040"]
[BlackElo "1885"]
[WhiteFideId "-1"]
[WhiteFideId "-1"]
[PlyCount "71"]
[GameId "2150702741424842"]
[EventDate "2025.02.21"]
[EventType "swiss"]
[EventRounds "5"]
[EventCountry "CAN"]
[BlackTeam "CAN"]
[WhiteClock "0:22:38"]
[BlackClock "0:26:46"]

1. e4 c5 2. Nf3 e6 3. c3 d5 4. e5 Nc6 5. d4 Bd7 6. Be2 Rc8 7. O-O cxd4 8. cxd4 Nge7 9. Nc3 a6 10. Bd3 g6 11. Be3 Nf5 12. Bxf5 gxf5 13. Ng5 h5 14. f4 Na5 15. Rf3 f6 16. exf6 Qxf6 17. Bf2 Bg7 18. Qe2 Kf8 19. Re1 Re8 20. Re3 Rh6 21. Nxd5 Qxd4 22. Nc7 Qd6 23. Nxe8 Kxe8 24. Nxe6 Bxe6 25. Rxe6+ Rxe6 26. Qxe6+ Qxe6 27. Rxe6+ Kd7 28. Re2 Nc4 29. b3 Nd6 30. Rd2 Ke6 31. Rc2 Kd7 32. Rc5 b6 33. Rc2 b5 34. Bb6 Bh6 35. g3 Ne8 36. Rc5 1-0

[Event "Bluenose op"]
[Site "Halifax CAN"]
[Date "2025.02.22"]
[Round "2"]
[White "Sridhar, Tanusri"]
[Black "Marchand, Calix"]
[Result "0-1"]
[WhiteElo "1895"]
[BlackElo "2237"]
[WhiteFideId "-1"]
[WhiteFideId "-1"]
[PlyCount "62"]
[GameId "2150702741416649"]
[EventDate "2025.02.21"]
[EventType "swiss"]
[EventRounds "5"]
[EventCountry "CAN"]
[BlackTeam "CAN"]
[WhiteClock "0:27:07"]
[BlackClock "0:18:20"]

1. e4 c6 2. d4 d5 3. exd5 cxd5 4. c4 Nf6 5. Nc3 Nc6 6. Nf3 Bf5 7. Be2 e6 8. O-O Be7 9. h3 O-O 10. Bf4 Rc8 11. b3 Ne4 12. Na4 dxc4 13. bxc4 Bf6 14. Rb1 Nxd4 15. Nxd4 Bxd4 16. Rxb7 Qf6 17. Bf3 Nxf2 18. Rxf2 e5 19. Bg3 Qg5 20. Bg4 Rxc4 21. Qb3 Bxf2+ 22. Bxf2 Rc1+ 23. Kh2 Qf4+ 24. Qg3 Bxg4 25. Qxf4 exf4 26. hxg4 Rd8 27. Bh4 f6 28. Rb2 Rdd1 29. g3 f3 30. Rb8+ Kf7 31. Rb7+ Kg6 0-1

[Event "Bluenose op"]
[Site "Halifax CAN"]
[Date "2025.02.22"]
[Round "2"]
[White "Winfield, Jordan"]
[Black "Gonzalez-Cueto, Jose"]
[Result "1/2-1/2"]
[WhiteElo "1824"]
[BlackElo "1977"]
[WhiteFideId "-1"]
[WhiteFideId "-1"]
[PlyCount "71"]
[GameId "2150702741424843"]
[EventDate "2025.02.21"]
[EventType "swiss"]
[EventRounds "5"]
[EventCountry "CAN"]
[WhiteTeam "FRA"]
[BlackTeam "CAN"]
[WhiteClock "1:46:27"]
[BlackClock "0:31:02"]

1. c4 Nf6 2. Nc3 g6 3. g3 Bg7 4. Bg2 O-O 5. d4 d6 6. Bg5 Nbd7 7. e3 Ne8 8. e4 h6 9. Be3 e5 10. Nge2 Nb6 11. Qd3 f5 12. dxe5 Be6 13. Bxb6 axb6 14. exd6 Nxd6 15. exf5 Bxf5 16. Qd5+ Kh7 17. O-O Ra5 18. Qd1 Nxc4 19. Qxd8 Rxd8 20. b3 Nd6 21. Rad1 Re8 22. Nd4 Bg4 23. f3 Bc8 24. a4 Rc5 25. Ncb5 Nxb5 26. Nxb5 Re3 27. Rfe1 Rxe1+ 28. Rxe1 Bf6 29. f4 Bd7 30. Bxb7 Bxb5 31. axb5 Rxb5 32. Re6 Kg7 33. Rc6 Bd4+ 34. Kg2 Rc5 35. b4 Rxc6 36. Bxc6 1/2-1/2

[Event "Bluenose op"]
[Site "Halifax CAN"]
[Date "2025.02.22"]
[Round "3"]
[White "Gregory, Jason"]
[Black "Heran-Boily, Sam"]
[Result "0-1"]
[WhiteElo "1910"]
[BlackElo "2040"]
[WhiteFideId "-1"]
[WhiteFideId "-1"]
[PlyCount "122"]
[GameId "2150702741441230"]
[EventDate "2025.02.21"]
[EventType "swiss"]
[EventRounds "5"]
[EventCountry "CAN"]
[WhiteClock "0:18:08"]
[BlackClock "0:05:29"]

1. b3 e5 2. Bb2 Nc6 3. c4 Nf6 4. e3 d5 5. cxd5 Nxd5 6. a3 Bd6 7. d3 O-O 8. g3 Be6 9. Bg2 Qd7 10. h4 f5 11. Nc3 Nxc3 12. Bxc3 f4 13. gxf4 exf4 14. e4 Qf7 15. b4 Be5 16. d4 Bxd4 17. Bxd4 Rad8 18. Nf3 Nxd4 19. Nxd4 Qf6 20. e5 Qxe5+ 21. Qe2 Qxe2+ 22. Nxe2 f3 23. Bh3 Bxh3 24. Rxh3 fxe2 25. Kxe2 Rd4 26. Rc1 c6 27. b5 Rdf4 28. bxc6 Rxf2+ 29. Ke3 Rb2 30. Kd4 bxc6 31. Rxc6 h6 32. Rc7 Rf7 33. Rxf7 Kxf7 34. Ke5 Rb5+ 35. Kd6 Ra5 36. Rb3 Kf6 37. Rf3+ Rf5 38. Rg3 g5 39. h5 Rf4 40. Re3 Rd4+ 41. Kc5 Rf4 42. Kd6 g4 43. Re6+ Kg5 44. Ke5 Ra4 45. Re8 Kxh5 46. Kf5 Rxa3 47. Re1 Rf3+ 48. Ke4 Kg5 49. Ra1 Rf7 50. Ke3 h5 51. Ra2 g3 52. Ra1 h4 53. Ke2 Kg4 54. Rd1 g2 55. Rd3 g1=Q 56. Rd7 Qf1+ 57. Ke3 Qe1+ 58. Kd4 Rxd7+ 59. Kc4 Qc1+ 60. Kb4 Rb7+ 61. Ka4 Qa1# 0-1